Giro d'Italia 2018 Countries - Statistics

General Stats
  • This quiz has been taken 19 times
  • The average score is 23 of 32
Answer Stats
Number of Riders Answer % Correct
15 France
94%
45 Italy
94%
7 Australia
89%
13 Belgium
89%
7 Germany
89%
1 Portugal
89%
12 Spain
89%
3 Canada
83%
6 Denmark
83%
3 Ireland
83%
2 Luxembourg
83%
13 Netherlands
83%
3 Slovenia
83%
3 Switzerland
83%
2 Austria
78%
1 Estonia
78%
1 Latvia
78%
3 New Zealand
78%
1 Norway
78%
2 Russia
78%
8 Colombia
72%
1 Argentina
67%
2 Belarus
61%
2 Israel
61%
4 Great Britain
56%
4 South Africa
56%
4 United States
56%
1 Albania
50%
3 Czechia
50%
1 Ecuador
50%
1 Eritrea
39%
2 Kazakhstan
39%
No matching quizzes found
Score Distribution
Percent of People with Each Score
Percentile by Number Answered
Your Score History
You have not taken this quiz